000 00743cam a22002411 4500
999 _c233445
_d233445
001 8407135
003 Nust
005 20170308095625.0
008 751117s1957 enka 000 1 eng
010 _a 57023447
020 _a9780006172475
035 _a(OCoLC)1839303
040 _aDLC
_cGCarrWG
_dOCoLC
_dDLC
050 0 0 _aPZ4.M1626
_bGu2
_aPR6063.A248
082 _a823.914
_bMAC
100 1 _aMacLean, Alistair,
_d1922-1987.
245 1 4 _aThe guns of Navarone.
_cAlistair Maclean
260 _aLondon,
_bCollins,
_c1957.
300 _a409 p.
_billus.
_c21 cm.
650 0 _aWorld War, 1939-1945
_xFiction.
655 7 _aWar stories.
_2gsafd
906 _a7
_bcbc
_coclcrpl
_du
_encip
_f19
_gy-gencatlg
942 _2ddc
_cBK